00681nai a2200169Ia 4500003000900000008004100009022002300050040001600073245005800089260008600147310001300233362002400246521006900270650003300339650004600372856009300418IN-BaIIA211028c9999 xx s 000 0 eng d a2644-1349 (Online) cIIA Library 0aIEEE Open Journal of Solid-State Circuitsh[eJournal] aNew York, USAbThe Institute of Electrical and Electronics Engineers, Inc. (IEEE) aAnnually a1(); 2020 - Present bSubscribed through National Knowledge Resource Consortium (NKRC) a Photonics and Electrooptics aComponents, Circuits, Devices and Systems uhttps://ieeexplore.ieee.org/servlet/opac?punumber=8782712yClick Here to Access eJournal